000
00222 a2200097 4500
001
46131
100
_a
Partridge E
245
_a
A Dictionary of Abbreviations
260
_a
London
_b
George Allen
_c
090
_c
29234
_d
29234
942
_a
NUST-CAE
_c
M
_c
21374
999
_c
281204
_d
281204